000 00587nam a2200205Ia 4500
003 GCL
008 140319s9999 xx 000 0 ara d
020 _a8506702977
040 _aGCL /
_cGCL
082 0 4 _a810.8
_bم ن
100 1 _aمصطفى محمود
245 1 0 _aنار تحت الرماد /
_cمصطفى محمود
250 _aالسادسة
260 _aالقاهرة :
_bدار المعارف ،
_c1993
300 _a93 ص ؛
_c18 سم
650 0 4 _aالادب العربى
650 0 4 _aالشيوعية
650 0 4 _aالاسلام والفن
942 _2ddc
_cBK
999 _c48771
_d48771